Itihas: mulay aur arth (Record no. 394616)

MARC details
000 -LEADER
fixed length control field 00484 a2200181 4500
005 - DATE & TIME
control field 20260505104210.0
008 - FIXED-LENGTH DATA ELEMENTS--GENERAL INFORMATION
fixed length control field 260504b |||||||| |||| 00| 0 eng d
020 ## - ISBN
International Standard Book Number 9788179753187
Price Rs. 550.00
040 ## - CATALOGING SOURCE
Original cataloging agency VIVEKANANDA LIBRARY
082 ## - DDC NUMBER
Classification number 901
Book Number S64I
100 ## - MAIN ENTRY--PERSONAL NAME
Personal name Sinha, Atul Kumar
245 ## - TITLE STATEMENT
Title Itihas: mulay aur arth
260 ## - PUBLICATION, DISTRIBUTION, ETC. (IMPRINT)
Name of publisher, distributor, etc Anamika Publishers and Distributors
Date of publication, distribution, etc 2025
Place of publication, distribution, etc New Delh
300 ## - PHYSICAL DESCRIPTION
Pages 166
650 ## - Subject
Subject History
650 ## - Subject
Subject Philosphy and Theoary of History
942 ## - ADDED ENTRY ELEMENTS (KOHA)
Koha item type Books
Holdings
Withdrawn status Lost status Source of classification or shelving scheme Damaged status Not for loan Location (home branch) Sublocation or collection (holding branch) Shelving location Date acquired Koha issues (times borrowed) Koha full call number Accession No. Koha date last seen Koha item type
    Dewey Decimal Classification     VIVEKANANDA LIBRARY VIVEKANANDA LIBRARY Vivekananda Library 17/12/2025   901 S64I 443712 17/12/2025 Books
© Designed and Maintained by Vivekananda Library, MDU Rohtak